000 00970nam a22003257a 4500
001 0051391
003 KOHA_MİRAKIL
005 20260207003804.0
007 ta
008 150629b2006 tu |||gr||||#||||0|tur |
020 _a9944770507
040 _aTR-BiSEU
_btur
_cTR-BiSEU
_erda
041 0 _atur
044 _ctu
050 _aHD37
_b.C34 2006
245 1 _aÇağdaş yönetim araçlarından seçmeler/
_cEditörler M. Şerif Şimşek, Said Kıngır.
264 1 _aAnkara :
_bNobel
_c2006
300 _a364 sayfa ;
_c24 cm.
336 _ametin
_btxt
_2rdacontent
337 _aaracısız
_bn
_2rdamedia
338 _acilt
_bnc
_2rdacarrier
490 1 _aNobel yayın ;
_v1064.
490 1 _a İktisadi ve idari bilimler dizisi ;
_v171
500 _aKaynakça var.
650 0 _aYönetim.
_93705
650 0 _aManagement.
_94546
830 1 _aNobel yayın ;
_v1064.
_91510
830 1 _a İktisadi ve idari bilimler dizisi ;
_v171
_995535
942 _2lcc
_cBK
999 _c51215
_d51215